| 000 | 00358 a2200133 4500 | ||
|---|---|---|---|
| 001 | ART_17568 | ||
| 005 | 20260410161750.0 | ||
| 008 | 260409a | ||
| 245 | 1 | 0 | _aThe innovators DNA |
| 100 | 1 | _aDyer, Jeffrey H. | |
| 700 | 1 | _aGregersen, Hal | |
| 700 | 1 | _aChristensen, Clayton M. | |
| 773 | 0 |
_tBook Summary _g- NÂș 15 (ene. 2012) _wREV4099 |
|
| 999 |
_c19610 _d19610 |
||